|
|
|
|
| LEADER |
01112nam a22002417a 4500 |
| 001 |
41146 |
| 003 |
BD-DhAAL |
| 008 |
230430t2020 bg a|||| |||| 00| 0 ben d |
| 020 |
|
|
|a 9789849513216
|
| 040 |
|
|
|a BD-DhAAL
|c BD-DhAAL
|
| 082 |
|
|
|a 891.44472
|
| 100 |
|
|
|a চ্যাটার্জী, ঝর্ণা
|9 54065
|
| 245 |
|
|
|a ভালবাসার গল্প :
|b স্থলে জলে নভোতলে /
|c ঝর্ণা চ্যাটার্জী.
|
| 246 |
|
|
|a Valobasar galpo :
|b sthale jale navotale
|
| 260 |
|
|
|a ঢাকা :
|b বাংলাপ্রকাশ,
|c ২০২০.
|
| 300 |
|
|
|a ৯৬ পৃষ্ঠা :
|b চিত্র ;
|c ২২ সে.মি.
|
| 541 |
|
|
|a Complimentary copy from Dr. Jharna Chatterjee
|e 41146
|
| 650 |
|
|
|a Bengali essays.
|
| 650 |
|
|
|a Bengali literature.
|
| 852 |
|
|
|a Ayesha Abed Library
|c General Stacks
|
| 942 |
|
|
|2 ddc
|c BK
|
| 999 |
|
|
|c 45690
|d 45690
|
| 952 |
|
|
|0 0
|1 0
|2 ddc
|4 0
|6 891_444720000000000_CHA
|7 0
|9 73573
|a BRACUL
|b BRACUL
|c GEN
|d 2023-04-30
|e Complimentary copy from Dr. Jharna Chatterjee
|g 250.00
|l 0
|o 891.44472 CHA
|p 3010041146
|r 2023-04-30
|t 1
|w 2023-04-30
|y BK
|